Movies Quiz

Random Movies or Box Office Quiz

Highest Grossing Movies (2005) Quiz Stats

Quiz Updated May 7, 2016

Challenge
Share
Tweet
Score 0/30 Timer 08:00
0 Plays Today
% Correct
King Kong
95.8%
Madagascar
92.9%
Charlie and the Chocolate Factory
91.1%
Wedding Crashers
89.8%
Fantastic Four
87.8%
Chicken Little
87.1%
The Chronicles of Narnia: The Lion, the Witch and the Wardrobe
87.1%
Harry Potter and the Goblet of Fire
85.6%
Brokeback Mountain
84.1%
Star Wars: Episode III - Revenge of the Sith
83.7%
Mr. & Mrs. Smith
83.6%
Batman Begins
82.1%
The 40-Year Old Virgin
79.6%
Walk the Line
75.9%
Hitch
74.5%
% Correct
War of the Worlds
72.7%
March of the Penguins
66.5%
Robots
65.5%
The Dukes of Hazzard
63.1%
Cheaper by the Dozen 2
61.8%
The Longest Yard
61.4%
The Pacifier
54%
Are We There Yet?
45%
Monster-in-Law
45%
Constantine
35.4%
Fun with Dick and Jane
34.5%
Flightplan
29.8%
Saw II
24%
The Exorcism of Emily Rose
24%
The Ring Two
10.8%

You're not logged in!

Compare scores with friends on all Sporcle quizzes.
Join for Free
OR
Log In

You Might Also Like...

Show Comments

Extras

Top Quizzes Today


Score Distribution

Your Account Isn't Verified!

In order to create a playlist on Sporcle, you need to verify the email address you used during registration. Go to your Sporcle Settings to finish the process.

Report this User

Report this user for behavior that violates our Community Guidelines.

Details: